000 00301nam a22001337a 4500
008 170817b xxu||||| |||| 00| 0 eng d
020 _a9780323013499
041 _aeng
080 _23RD
_a51
100 _a36
101 _aMAT
245 _aCALCULATE WITH CONFICENCE
_cMORRIS,D,G
942 _2udc
_cBK
999 _c23987
_d23987